[Event "PRO League Central 2017"]
[Site "chess.com INT"]
[Date "2017.01.11"]
[Round "1"]
[White "Lampert, Jonas"]
[Black "Gunnarsson, Jon Viktor"]
[Result "1-0"]
[WhiteTitle "IM"]
[BlackTitle "IM"]
[WhiteElo "2510"]
[BlackElo "2450"]
[WhiteTeam "Hamburg Swashbucklers"]
[BlackTeam "Reykjavik Puffins"]
[WhiteFideId "1303759"]
[BlackFideId "2300931"]
[EventDate "2017.01.11"]

1. d4 Nf6 2. c4 c5 3. d5 b5 4. cxb5 a6 5. bxa6 g6 6. Nc3 Bg7 7. e4 O-O 8. Be2
Qa5 9. Bd2 Bxa6 10. e5 Ne8 11. Nf3 d6 12. e6 fxe6 13. Ng5 Bxe2 14. Qxe2 Nc7 15.
Nxe6 Nxe6 16. Qxe6+ Kh8 17. O-O Na6 18. Qxe7 Qb6 19. Rae1 Qxb2 20. Ne4 c4 21.
Bc1 Qe5 22. Nxd6 Qxd5 23. Rd1 Qg8 24. Be3 c3 25. a3 c2 26. Rd2 Qb3 27. Rc1 Bf6
28. Bd4 Bxd4 29. Rxd4 Qb2 30. Qe5+ Kg8 31. Qd5+ Kh8 32. Qe5+ Kg8 33. Qe3 Rab8
34. Rc4 Rb3 35. R4xc2 Qxc2 36. Rxc2 Rxe3 37. fxe3 Rf6 38. Rc8+ Rf8 39. Rxf8+
Kxf8 40. Kf2 Ke7 41. Nc4 Nc5 42. Kf3 Ke6 43. e4 g5 44. Ke3 h5 45. Nd2 g4 46. Kd4
Nd7 47. Nf1 Nf6 48. Ng3 h4 49. Ne2 h3 50. gxh3 gxh3 51. Nf4+ Kd7 52. Nxh3 Ng4
53. e5 Nxh2 54. Kd5 Ng4 55. Nf4 Ne3+ 56. Kc5 Kc7 57. e6 Nf5 58. Nd5+ Kb7 59. e7
Ng7 60. Nf6 Ka6 61. Kb4 Kb6 62. e8=Q Nxe8 63. Nxe8 Ka6 64. Nf6 Kb6 65. Nd5+ Ka6
66. Nc3 Kb6 67. a4 Ka6 68. a5 Kb7 69. Kb5 Ka7 70. Ne4 Kb7 71. Nc5+ Ka7 72. Kc6
Kb8 73. Kb6 Ka8 74. Ne6 Kb8 75. Nc7 Kc8 76. a6 1-0

[Event "PRO League Central 2017"]
[Site "chess.com INT"]
[Date "2017.01.11"]
[Round "1"]
[White "Maze, Sebastien"]
[Black "Lapite, Oluwadurotimi"]
[Result "1-0"]
[WhiteTitle "GM"]
[WhiteElo "2613"]
[BlackElo "2067"]
[WhiteTeam "Dublin Desperados"]
[BlackTeam "Lagos Leatherbacks"]
[WhiteFideId "613762"]
[BlackFideId "8503648"]
[EventDate "2017.01.11"]

1. e4 c6 2. f4 d5 3. e5 Bf5 4. d3 e6 5. Nc3 Bc5 6. Nf3 Bg4 7. Be2 Nh6 8. d4 Be7
9. h3 Bxf3 10. Bxf3 Bh4+ 11. Kf1 Nf5 12. Ne2 c5 13. g4 Nxd4 14. Nxd4 cxd4 15.
Qxd4 Nc6 16. Qd3 Qb6 17. Qe3 Nd4 18. Bd1 Rc8 19. c3 Qa6+ 20. Kg2 Nb3 21. Bxb3
O-O 22. Bd2 f6 23. Raf1 fxe5 24. Qxe5 Qd3 25. Qxe6+ Kh8 26. Qe3 Qa6 27. Bd1 Qxa2
28. Bc1 Rfe8 29. Qd3 d4 30. Bc2 Qd5+ 31. Rf3 Qg8 32. Rhf1 dxc3 33. Kh1 cxb2 34.
Bxb2 Red8 35. Qe2 Re8 36. Be5 Qd5 37. Be4 1-0

[Event "PRO League Central 2017"]
[Site "chess.com INT"]
[Date "2017.01.11"]
[Round "1"]
[White "Maze, Sebastien"]
[Black "Balogun, Oluwafemi"]
[Result "1-0"]
[WhiteTitle "GM"]
[BlackTitle "FM"]
[WhiteElo "2613"]
[BlackElo "2222"]
[WhiteTeam "Dublin Desperados"]
[BlackTeam "Lagos Leatherbacks"]
[WhiteFideId "613762"]
[BlackFideId "8501246"]
[EventDate "2017.01.11"]

1. e4 d6 2. d4 Nf6 3. Nc3 g6 4. Be3 a6 5. f3 b5 6. Qd2 Nbd7 7. a4 b4 8. Nd1 Rb8
9. a5 Bg7 10. h4 c5 11. Ne2 h5 12. Nf2 Qc7 13. Nh3 cxd4 14. Nxd4 Ne5 15. Ng5 Nc4
16. Bxc4 Qxc4 17. Kf2 O-O 18. Rhc1 e5 19. b3 Qc7 20. Ne2 Rb5 21. c4 bxc3 22.
Nxc3 Rxb3 23. Nd5 Qb8 24. Ne7+ Kh8 25. Nxf7+ Kh7 26. Ng5+ Kh8 27. Nxg6+ Kg8 28.
Qc2 Rb2 29. Nxf8 Bxf8 30. Bb6 Rxc2+ 31. Rxc2 d5 32. Rac1 Bd7 33. Rc7 dxe4 34.
fxe4 Qe8 35. Kg1 Bg4 36. Rf1 Bg7 37. Rc5 Qe7 38. Rc7 Qb4 39. Ra7 Nd7 40. Rxa6
Bf8 41. Ra8 Be2 42. Rf2 Bb5 43. Ne6 Qe1+ 44. Kh2 Qxe4 45. Raxf8+ Nxf8 46. Rxf8+
Kh7 47. Ng5+ Kg7 48. Nxe4 Kxf8 49. Nc5 Ke7 50. a6 Bc6 51. a7 Kd6 52. Na6 Bb7 53.
Nc7 Kc6 54. a8=Q Bxa8 55. Nxa8 Kb7 56. g4 hxg4 57. h5 Kxa8 58. h6 Kb7 59. Be3 1-0

[Event "PRO League Central 2017"]
[Site "chess.com INT"]
[Date "2017.01.11"]
[Round "1"]
[White "Haria, Ravi"]
[Black "Kigigha, Bomo"]
[Result "1-0"]
[WhiteTitle "FM"]
[BlackTitle "FM"]
[WhiteElo "2382"]
[BlackElo "2339"]
[WhiteTeam "London Lions"]
[BlackTeam "Abuja Rockstars"]
[WhiteFideId "415820"]
[BlackFideId "8500037"]
[EventDate "2017.01.11"]

1. Nf3 Nf6 2. g3 g6 3. b3 Bg7 4. Bb2 O-O 5. Bg2 c5 6. c4 Nc6 7. O-O Re8 8. d4
cxd4 9. Nxd4 Qa5 10. Nc3 Qh5 11. e3 Nxd4 12. exd4 Qa5 13. Re1 d6 14. Qd2 a6 15.
a3 Qc7 16. Rac1 Rb8 17. h3 Bd7 18. g4 h6 19. Qf4 e5 20. dxe5 dxe5 21. Qg3 Bc6
22. Nd5 Bxd5 23. cxd5 Qa5 24. Rxe5 Rxe5 25. Qxe5 Re8 26. Qc3 Qb6 27. Qb4 Qd8 28.
Qxb7 Kh7 29. Qxf7 1-0

[Event "PRO League Central 2017"]
[Site "chess.com INT"]
[Date "2017.01.11"]
[Round "1"]
[White "Haria, Ravi"]
[Black "Sorungbe, Ademola"]
[Result "1/2-1/2"]
[WhiteTitle "FM"]
[BlackTitle "CM"]
[WhiteElo "2382"]
[BlackElo "2234"]
[WhiteTeam "London Lions"]
[BlackTeam "Abuja Rockstars"]
[WhiteFideId "415820"]
[BlackFideId "8500223"]
[EventDate "2017.01.11"]

1. Nf3 Nf6 2. g3 d5 3. Bg2 c6 4. c4 g6 5. b3 Bg7 6. Bb2 O-O 7. O-O Nbd7 8. d3
Qc7 9. Nbd2 Re8 10. Qc2 e5 11. cxd5 Nxd5 12. a3 Qd8 13. Nc4 Qe7 14. Rfe1 N5b6
15. Nfd2 Nxc4 16. bxc4 Nc5 17. a4 Ne6 18. e3 Rd8 19. Ne4 Qd7 20. Rad1 Qc7 21.
Ba3 f5 22. Nc5 Nxc5 23. Bxc5 Be6 24. Bb4 Rd7 25. d4 Rad8 26. Qe2 Bf7 27. d5 cxd5
28. cxd5 Bxd5 29. Bxd5+ Rxd5 30. Rxd5 Rxd5 31. e4 Rd4 32. Qb5 Qd7 33. Bc5 Qxb5
34. axb5 Rxe4 35. Rd1 Rc4 36. Rd8+ Kf7 37. Bxa7 Ke7 38. Bb6 Rc1+ 39. Kg2 Rb1 40.
Rb8 Rxb5 41. Rxb7+ Ke6 42. Rxg7 Rxb6 43. Rxh7 Rb2 44. h4 Kf6 45. h5 gxh5 46.
Rxh5 1/2-1/2

[Event "PRO League Central 2017"]
[Site "chess.com INT"]
[Date "2017.01.11"]
[Round "1"]
[White "Gunnarsson, Jon Viktor"]
[Black "Kollars, Dmitrij"]
[Result "1/2-1/2"]
[WhiteTitle "IM"]
[BlackTitle "IM"]
[WhiteElo "2450"]
[BlackElo "2500"]
[WhiteTeam "Reykjavik Puffins"]
[BlackTeam "Hamburg Swashbucklers"]
[WhiteFideId "2300931"]
[BlackFideId "12909572"]
[EventDate "2017.01.11"]

1. e4 e5 2. Nf3 Nc6 3. Bc4 Nf6 4. d3 Be7 5. O-O O-O 6. Re1 d6 7. a4 Be6 8. a5 b6
9. a6 Nd4 10. Nxd4 exd4 11. c3 d5 12. exd5 Nxd5 13. cxd4 Bf6 14. Be3 c6 15. Nc3
b5 16. Bxd5 Bxd5 17. Ne4 Re8 18. Rc1 Be7 19. Bf4 Qb6 20. Nc5 Bxc5 21. dxc5 Qxa6
22. Qg4 Qc8 23. Qxc8 Raxc8 24. b4 f6 25. f3 Kf7 26. Kf2 Bb3 27. Ra1 Ba4 28. d4
Rxe1 29. Rxe1 Re8 30. Rxe8 Kxe8 31. Ke3 Bb3 32. h4 Kf7 33. Bb8 a6 34. Bc7 Ke6
35. g4 g6 36. Bd8 Bd1 37. Kf4 Bc2 38. Ke3 f5 39. gxf5+ Bxf5 40. Kd2 Kd5 41. Kc3
Bh3 42. Bg5 Bg2 43. f4 Ke4 44. Bh6 Kf5 45. Bg5 Bd5 46. Kd3 Kg4 47. Ke3 Kg3 48.
Bd8 Kg2 49. Bg5 Kf1 50. Bd8 Ke1 51. Bg5 Kd1 52. Kd3 Bg2 53. Bd8 Kc1 54. Kc3 Be4
55. Bg5 Kd1 56. Bd8 Ke2 57. Bg5 Kf3 58. Kd2 Bd5 59. Kc3 Ke4 60. Bh6 Be6 61. Bg5
Kf3 62. Kd3 Bf5+ 63. Kc3 Be4 64. Bh6 Kg4 65. Bg5 Kh5 66. Kd2 h6 67. Bd8 Kg4 68.
Ke3 Bd5 69. Bf6 Kg3 70. Bg7 h5 71. Bf6 Kg4 72. Bg5 Kh3 73. Kd3 Kg2 74. Bh6 Kf1
75. Bg5 Ke1 76. Bh6 Kd1 77. Bg5 Bf3 78. Ke3 Bg2 79. Kd3 Bh1 80. Bh6 Bg2 81. Bg5
Bh1 82. Bh6 Bg2 83. Bg5 Bh1 1/2-1/2

[Event "PRO League Central 2017"]
[Site "chess.com INT"]
[Date "2017.01.11"]
[Round "1"]
[White "Gunnarsson, Jon Viktor"]
[Black "Svane, Rasmus"]
[Result "1/2-1/2"]
[WhiteTitle "IM"]
[BlackTitle "GM"]
[WhiteElo "2450"]
[BlackElo "2560"]
[WhiteTeam "Reykjavik Puffins"]
[BlackTeam "Hamburg Swashbucklers"]
[WhiteFideId "2300931"]
[BlackFideId "4657101"]
[EventDate "2017.01.11"]

1. e4 e6 2. d4 d5 3. Bd3 dxe4 4. Bxe4 Nf6 5. Bf3 c5 6. Ne2 Nc6 7. Be3 cxd4 8.
Nxd4 Ne5 9. Nc3 Be7 10. Qe2 Nxf3+ 11. Qxf3 O-O 12. O-O-O Qc7 13. Ndb5 Qa5 14. a3
Bd7 15. Rxd7 Nxd7 16. Qxb7 Bf6 17. Qxd7 Rfd8 18. Qb7 Rab8 19. Qe4 Rxb5 20. Nxb5
Qxb5 21. c3 a6 22. Rd1 Rb8 23. Qc2 h6 24. Kb1 Qc4 25. Bd4 Bxd4 26. cxd4 Qd5 27.
f3 Qd7 28. Qc4 Qb7 29. Rd2 Rc8 30. Qd3 Rd8 31. Qc4 Rc8 32. Qd3 Rd8 1/2-1/2

[Event "PRO League Central 2017"]
[Site "chess.com INT"]
[Date "2017.01.11"]
[Round "1"]
[White "Kazhgaleyev, Murtas"]
[Black "Beerdsen, Thomas"]
[Result "1-0"]
[WhiteTitle "GM"]
[BlackTitle "FM"]
[WhiteElo "2594"]
[BlackElo "2413"]
[WhiteTeam "Cannes Blockbusters"]
[BlackTeam "Apeldoorn Apes"]
[WhiteFideId "13700316"]
[BlackFideId "1030108"]
[EventDate "2017.01.11"]

1. d4 Nf6 2. c4 e6 3. Nc3 Bb4 4. e3 b6 5. Bd3 Bb7 6. Nf3 O-O 7. O-O c5 8. Na4 d6
9. a3 Ba5 10. b3 Na6 11. Bb2 Re8 12. Qe2 Rc8 13. e4 Nd7 14. Rad1 Qe7 15. e5 dxe5
16. dxe5 Red8 17. g3 Nab8 18. h4 h6 19. Be4 Nf8 20. Kg2 Nc6 21. Qe3 Rxd1 22.
Rxd1 Rd8 23. Rxd8 Nxd8 24. Bc3 Nc6 25. Qd3 Ng6 26. Bb2 Qc7 27. h5 Nf8 28. Bc1
Qd7 29. Qe2 Nd4 30. Nxd4 cxd4 31. Nb2 Bc3 32. Nd3 a6 33. Qg4 Nh7 34. Bxb7 Qxb7+
35. Qf3 Qxf3+ 36. Kxf3 f6 37. c5 bxc5 38. exf6 Nxf6 39. Nxc5 e5 40. Ne4 Nd5 41.
Ke2 Kf7 42. Kd3 Nb6 43. Nxc3 dxc3 44. Kxc3 Ke6 45. b4 Kd5 46. Be3 Nc4 47. a4 Nd6
48. Kd3 Nf5 49. b5 axb5 50. axb5 Nd6 51. b6 Kc6 52. f3 Nf5 53. g4 Nd6 54. Bf2
Kd5 55. Be1 Kc6 56. Bb4 Ne8 57. Ke4 Kxb6 58. Kxe5 Nf6 59. Ke6 Kc6 60. Bf8 Ne8
61. Kf7 Kd7 62. Bxg7 Nd6+ 63. Kg6 Ke6 64. Bxh6 Nf7 65. Bf4 1-0

[Event "PRO League Central 2017"]
[Site "chess.com INT"]
[Date "2017.01.11"]
[Round "1"]
[White "Kazhgaleyev, Murtas"]
[Black "Kevlishvili, Robby"]
[Result "0-1"]
[WhiteTitle "GM"]
[BlackTitle "IM"]
[WhiteElo "2594"]
[BlackElo "2417"]
[WhiteTeam "Cannes Blockbusters"]
[BlackTeam "Apeldoorn Apes"]
[WhiteFideId "13700316"]
[BlackFideId "1040634"]
[EventDate "2017.01.11"]

1. d4 Nf6 2. c4 g6 3. Nc3 Bg7 4. e4 d6 5. h3 O-O 6. Bg5 Na6 7. Bd3 e5 8. d5 Nc5
9. Bc2 a5 10. Nge2 Bd7 11. O-O Qe8 12. b3 Nh5 13. Qd2 f5 14. Ng3 f4 15. Nxh5
gxh5 16. Kh2 Qg6 17. Bh4 Bh6 18. Rg1 Kh8 19. Qe2 f3 20. gxf3 Bf4+ 21. Kh1 Qf7
22. Nd1 Bxh3 23. Ne3 Rg8 24. Nf5 Nd7 25. Rae1 h6 26. Qd1 Nf6 27. Rxg8+ Rxg8 28.
Rg1 Bxf5 29. exf5 Bg5 30. Bxg5 Rxg5 31. Rxg5 hxg5 32. Qd2 Qg7 33. Qxa5 g4 34.
fxg4 hxg4 35. Qc3 Qh6+ 36. Kg2 Qc1 37. Qg3 Kg7 38. Qh4 Kf7 39. Bd3 Qd2 40. Bf1
e4 41. Qg3 Qg5 42. c5 Nh5 43. Qc3 Nf4+ 44. Kg1 Nh3+ 45. Kg2 Qxf5 46. Qe3 dxc5
47. Qxc5 Qf3+ 48. Kh2 Kg6 49. Qxc7 Qxf2+ 50. Bg2 Ng5 51. Qd6+ Kh5 52. Qe5 e3 53.
Qh8+ Kg6 54. Qg8+ Kh6 55. Qh8+ Nh7 56. Qe5 e2 57. Qe6+ Kg7 58. Qe7+ Kg6 59. Qe4+
Kh6 60. Qe6+ Kh5 61. Qe8+ Kh4 62. Qd8+ Qf6 63. Qa5 g3+ 64. Kg1 Qf2+ 0-1

[Event "PRO League Central 2017"]
[Site "chess.com INT"]
[Date "2017.01.11"]
[Round "1"]
[White "Oragwu, Chukwunonso"]
[Black "Maze, Sebastien"]
[Result "0-1"]
[WhiteTitle "CM"]
[BlackTitle "GM"]
[WhiteElo "2155"]
[BlackElo "2613"]
[WhiteTeam "Lagos Leatherbacks"]
[BlackTeam "Dublin Desperados"]
[WhiteFideId "8501254"]
[BlackFideId "613762"]
[EventDate "2017.01.11"]

1. e4 c5 2. Nf3 Nc6 3. d4 cxd4 4. Nxd4 g6 5. Nxc6 bxc6 6. Qd4 Nf6 7. e5 Ng8 8.
e6 Nf6 9. exd7+ Bxd7 10. Bc4 Bg7 11. O-O O-O 12. Nc3 Qb6 13. Qh4 Bf5 14. Bb3
Rfd8 15. Be3 Qc7 16. Bf4 Qa5 17. Rfe1 Rd7 18. Re5 Qb4 19. a3 Qd4 20. Re2 Nh5 21.
Bg5 Qxh4 22. Bxh4 e5 23. Bg5 Nf4 24. Ree1 h6 25. Bxf4 exf4 26. Rad1 Rad8 27.
Rxd7 Rxd7 28. Rd1 Re7 29. Kf1 g5 30. f3 Be5 31. Kf2 Kg7 32. h3 c5 33. Rd5 Bd4+
34. Kf1 Be6 35. Rd6 c4 36. Rxd4 cxb3 37. cxb3 Bxb3 38. Kf2 Be6 39. Ne4 Rc7 40.
Rd2 Rc1 41. Nd6 a5 42. Ke2 Kf6 43. b4 a4 44. Rb2 Ke5 45. Ne4 Ra1 46. b5 f5 47.
Nc5 Bc4+ 48. Kd2 Kd4 49. b6 Bd5 50. b7 Bxb7 51. Nxb7 Rg1 52. Rb4+ Kd5 53. Rxa4
Rxg2+ 54. Ke1 Rh2 55. Ra5+ Kd4 56. Nd6 Rxh3 57. Nxf5+ Kd3 58. Kf2 Rh2+ 59. Kg1
Ra2 60. Nxh6 Ke3 61. Nf7 g4 62. fxg4 f3 63. Re5+ Kf4 64. Rf5+ Kg3 65. Rxf3+ Kxf3
66. g5 Rxa3 67. g6 Ra6 68. Kh2 Kf4 69. Nh8 Ra5 70. g7 Rg5 71. Nf7 Rxg7 72. Nd6
Rd7 73. Nc4 Rd4 74. Nb6 Ke5 75. Kg3 Kd6 76. Kf3 Rb4 77. Nc8+ Kd7 78. Na7 Kc7 79.
Ke3 0-1

[Event "PRO League Central 2017"]
[Site "chess.com INT"]
[Date "2017.01.11"]
[Round "1"]
[White "Oragwu, Chukwunonso"]
[Black "Moran, Stephen"]
[Result "0-1"]
[WhiteTitle "CM"]
[WhiteElo "2155"]
[BlackElo "2158"]
[WhiteTeam "Lagos Leatherbacks"]
[BlackTeam "Dublin Desperados"]
[WhiteFideId "8501254"]
[BlackFideId "2501872"]
[EventDate "2017.01.11"]

1. e4 e6 2. d4 d5 3. Nd2 Nf6 4. e5 Nfd7 5. Bd3 c5 6. c3 Nc6 7. Ne2 cxd4 8. cxd4
f6 9. exf6 Nxf6 10. O-O Bd6 11. Nf3 Qc7 12. Nc3 a6 13. Bg5 O-O 14. h3 h6 15. Be3
Nh5 16. Rc1 Nf4 17. Bb1 g5 18. Bxf4 Rxf4 19. Qd3 Qg7 20. Ne2 Rf7 21. Ng3 Bxg3
22. fxg3 Bd7 23. Ne5 Nxe5 24. dxe5 Raf8 25. Qg6 Qxg6 26. Bxg6 Rxf1+ 27. Rxf1
Rxf1+ 28. Kxf1 Kg7 29. Bc2 Be8 30. Ke2 Bg6 31. Ba4 Kf7 32. Bd7 b6 33. h4 Be4 34.
Kf2 Ke7 35. Bc8 a5 36. a3 Kf7 37. Bd7 Ke7 38. Bb5 Kf7 39. Ba4 Ke7 40. Bd1 Kf7
41. Bh5+ Ke7 42. Bg4 Kf7 43. Be2 Ke7 44. Bf1 Kf7 45. Ke3 Kg6 46. Kf2 Kf5 47. Ke3
Kxe5 48. Kd2 d4 49. b4 axb4 50. axb4 Kd6 51. Ke2 e5 52. Kd2 Bc6 53. b5 Be4 54.
Ke2 Kc5 55. Kd2 Bd5 56. Bd3 e4 57. Bf1 e3+ 58. Kc2 Bc4 59. Bd3 Bxd3+ 60. Kxd3
Kxb5 61. Ke2 Kc4 62. Kd1 Kd3 63. Ke1 b5 64. Kf1 Kd2 65. Kg1 e2 66. Kh2 e1=Q 0-1

[Event "PRO League Central 2017"]
[Site "chess.com INT"]
[Date "2017.01.11"]
[Round "1"]
[White "Adair, James R"]
[Black "Kigigha, Bomo"]
[Result "1-0"]
[WhiteTitle "IM"]
[BlackTitle "FM"]
[WhiteElo "2480"]
[BlackElo "2339"]
[WhiteTeam "London Lions"]
[BlackTeam "Abuja Rockstars"]
[WhiteFideId "406252"]
[BlackFideId "8500037"]
[EventDate "2017.01.11"]

1. e4 c5 2. Nf3 Nc6 3. d4 cxd4 4. Nxd4 Qb6 5. Nb3 Nf6 6. Nc3 e6 7. Bd3 a6 8. Be3
Qc7 9. f4 Bb4 10. O-O Bxc3 11. bxc3 d6 12. a4 b6 13. Qf3 e5 14. f5 Ne7 15. c4
Bb7 16. a5 b5 17. cxb5 axb5 18. Bxb5+ Kf8 19. Bd3 d5 20. Bb6 Qc8 21. Nc5 dxe4
22. Nxe4 Nxf5 23. Qxf5 Qxf5 24. Rxf5 Bxe4 25. Bxe4 Nxe4 26. Rxe5 Re8 27. Bd4
Rxe5 28. Bxe5 f6 29. Re1 fxe5 30. Rxe4 Kf7 31. Rxe5 Rc8 32. a6 Rxc2 33. Ra5 Rc8
34. a7 Ra8 35. Kf2 Ke6 36. Ke3 Kd6 37. Kf4 Kc6 38. Kf5 Rf8+ 39. Ke6 Kb7 40.
a8=Q+ 1-0

[Event "PRO League Central 2017"]
[Site "chess.com INT"]
[Date "2017.01.11"]
[Round "1"]
[White "Adair, James R"]
[Black "Sorungbe, Ademola"]
[Result "1-0"]
[WhiteTitle "IM"]
[BlackTitle "CM"]
[WhiteElo "2480"]
[BlackElo "2234"]
[WhiteTeam "London Lions"]
[BlackTeam "Abuja Rockstars"]
[WhiteFideId "406252"]
[BlackFideId "8500223"]
[EventDate "2017.01.11"]

1. e4 e5 2. Nf3 Nc6 3. Bb5 g6 4. c3 Bg7 5. O-O Nge7 6. d4 exd4 7. cxd4 a6 8. Ba4
b5 9. Bc2 d6 10. d5 Na5 11. Nbd2 O-O 12. Rb1 b4 13. a3 Rb8 14. axb4 Rxb4 15. b3
Bd7 16. Ba3 Rb8 17. b4 Nb7 18. Bd3 Bb5 19. Qe2 Qd7 20. Nb3 Rfe8 21. Bxb5 axb5
22. Qd3 c6 23. Rfd1 cxd5 24. exd5 Rec8 25. Bb2 Bxb2 26. Rxb2 Rc4 27. Nbd2 Rcc8
28. Ne4 Qc7 29. Nf6+ Kg7 30. Qd4 Qc3 31. Nd7+ Qxd4 32. Nxd4 Ra8 33. Nb6 Rab8 34.
Nxc8 Rxc8 35. Nxb5 Nxd5 36. g3 Nb6 37. Ra2 d5 38. Ra7 Nd8 39. Rc7 Rb8 40. Nd6
Kg8 41. Re7 Kf8 42. Re8+ Kg7 43. b5 Ra8 44. Kg2 h5 45. h4 Kf6 46. Rd3 Kg7 47.
Rf3 Nd7 48. Nxf7 Nxf7 49. Rxa8 Nfe5 50. Rf4 Nc4 51. Ra7 Nb6 52. Kf3 Kg8 53. Ke3
Kg7 54. Kd4 Kg8 55. Rb7 Kg7 56. f3 Kg8 57. g4 hxg4 58. fxg4 Kg7 59. g5 Kg8 60.
Rf1 1-0

[Event "PRO League Central 2017"]
[Site "chess.com INT"]
[Date "2017.01.11"]
[Round "1"]
[White "Svane, Rasmus"]
[Black "Thorfinnsson, Bragi"]
[Result "1-0"]
[WhiteTitle "GM"]
[BlackTitle "IM"]
[WhiteElo "2560"]
[BlackElo "2453"]
[WhiteTeam "Hamburg Swashbucklers"]
[BlackTeam "Reykjavik Puffins"]
[WhiteFideId "4657101"]
[BlackFideId "2300958"]
[EventDate "2017.01.11"]

1. Nf3 Nf6 2. c4 g6 3. Nc3 d5 4. cxd5 Nxd5 5. h4 h6 6. e4 Nxc3 7. dxc3 Qxd1+ 8.
Kxd1 Bg7 9. Bf4 c6 10. Kc2 Nd7 11. Nd2 Ne5 12. Nc4 Nxc4 13. Bxc4 Bd7 14. Rad1
O-O-O 15. Be3 f5 16. Bf7 fxe4 17. Bxg6 b6 18. Bxe4 c5 19. Rhe1 e5 20. b3 c4 21.
Rd6 Kc7 22. Red1 cxb3+ 23. axb3 Bb5 24. Rg6 Rxd1 25. Kxd1 Bf8 26. Re6 Bd6 27.
Rxh6 Rd8 28. Kc2 1-0

[Event "PRO League Central 2017"]
[Site "chess.com INT"]
[Date "2017.01.11"]
[Round "1"]
[White "Svane, Rasmus"]
[Black "Thorfinnsson, Bjorn"]
[Result "1-0"]
[WhiteTitle "GM"]
[BlackTitle "IM"]
[WhiteElo "2560"]
[BlackElo "2404"]
[WhiteTeam "Hamburg Swashbucklers"]
[BlackTeam "Reykjavik Puffins"]
[WhiteFideId "4657101"]
[BlackFideId "2300982"]
[EventDate "2017.01.11"]

1. Nf3 d5 2. d4 e6 3. c4 Be7 4. Nc3 Nf6 5. Bf4 c6 6. e3 O-O 7. h3 b6 8. Bd3 Ba6
9. Qe2 dxc4 10. Bxc4 b5 11. Bd3 Qa5 12. Nd2 Nd5 13. Nxd5 cxd5 14. O-O Nd7 15. a4
Qb4 16. axb5 Bb7 17. Nb1 Bd6 18. Bxd6 Qxd6 19. Nc3 Rfb8 20. Ra2 e5 21. dxe5 Nxe5
22. Ra4 Nd7 23. Rd1 Nc5 24. Rh4 h6 25. Bc2 a6 26. Rhd4 axb5 27. Nxd5 Ra2 28. Nb4 1-0

[Event "PRO League Central 2017"]
[Site "chess.com INT"]
[Date "2017.01.11"]
[Round "1"]
[White "Degraeve, Remy"]
[Black "Rendle, Thomas E"]
[Result "0-1"]
[BlackTitle "IM"]
[WhiteElo "2019"]
[BlackElo "2356"]
[WhiteTeam "Marseille Migraines"]
[BlackTeam "London Towers"]
[WhiteFideId "26024560"]
[BlackFideId "408760"]
[EventDate "2017.01.11"]

1. e4 e6 2. d4 d5 3. Nd2 Nc6 4. Ngf3 Nf6 5. Bd3 Nb4 6. O-O Be7 7. Re1 Nxd3 8.
cxd3 O-O 9. Nb3 b6 10. Bf4 Bb7 11. Rc1 Rc8 12. Nfd2 c5 13. e5 Ne8 14. Qh5 c4 15.
Re3 cxb3 16. Nxb3 g6 17. Qh6 f5 18. exf6 Nxf6 19. Rxe6 Rxc1+ 20. Nxc1 Qd7 21.
Re1 Ng4 22. Qh3 Rxf4 23. f3 Bb4 24. g3 Bxe1 25. gxf4 Nf6 0-1

[Event "PRO League Central 2017"]
[Site "chess.com INT"]
[Date "2017.01.11"]
[Round "1"]
[White "Degraeve, Remy"]
[Black "Jones, Gawain C B"]
[Result "0-1"]
[BlackTitle "GM"]
[WhiteElo "2019"]
[BlackElo "2665"]
[WhiteTeam "Marseille Migraines"]
[BlackTeam "London Towers"]
[WhiteFideId "26024560"]
[BlackFideId "409561"]
[EventDate "2017.01.11"]

1. e4 c5 2. Nc3 Nc6 3. f4 g6 4. Nf3 Bg7 5. Bc4 e6 6. f5 gxf5 7. d3 Nge7 8. O-O
d5 9. exd5 exd5 10. Bb3 Be6 11. Qe1 a6 12. Ng5 Nd4 13. Bf4 c4 14. dxc4 dxc4 15.
Nxe6 Nxe6 16. Bxc4 Qd4+ 17. Be3 Qxc4 18. Qg3 O-O 19. Rae1 Qg4 20. Qd6 f4 21. h3
Qg6 22. Bxf4 Bd4+ 23. Kh1 Nf5 24. Qd5 Rad8 25. Qa5 Rfe8 26. Ne4 Nxf4 27. Rxf4
Ne3 28. Re2 Bb6 29. Qb4 Rd1+ 30. Kh2 Rxe4 31. Rxe4 Nf1+ 32. Kh1 Ng3+ 33. Kh2
Bg1# 0-1

[Event "PRO League Central 2017"]
[Site "chess.com INT"]
[Date "2017.01.11"]
[Round "1"]
[White "Kevlishvili, Robby"]
[Black "Perez, Flavio"]
[Result "0-1"]
[WhiteTitle "IM"]
[WhiteElo "2417"]
[BlackElo "2304"]
[WhiteTeam "Apeldoorn Apes"]
[BlackTeam "Cannes Blockbusters"]
[WhiteFideId "1040634"]
[BlackFideId "623911"]
[EventDate "2017.01.11"]

1. e4 g6 2. d4 Bg7 3. Nc3 d6 4. Be3 Nd7 5. h4 Ngf6 6. Be2 h5 7. Nh3 c6 8. Ng5
Qa5 9. Qd2 O-O 10. O-O Ng4 11. Bxg4 hxg4 12. Qe2 Nb6 13. d5 Qb4 14. Rab1 Nc4 15.
Nd1 cxd5 16. exd5 Bf5 17. c3 Qa5 18. Rc1 Qxd5 19. Bd4 e5 20. Ne3 Nxe3 21. Bxe3
f6 22. Rfd1 Qc6 23. Rd2 fxg5 24. Bxg5 Rae8 25. Rcd1 Re6 26. Rd5 Bf6 27. Qd2 Bxg5
28. Qxg5 Ref6 29. Qe3 Kg7 30. b3 R8f7 31. c4 Bc8 32. Qxa7 Rxf2 33. Qxf2 Rxf2 34.
Kxf2 Qb6+ 35. Kf1 Qe3 36. Rxd6 Bf5 37. R6d2 Qg3 38. Kg1 Qxh4 39. Re2 g3 0-1

[Event "PRO League Central 2017"]
[Site "chess.com INT"]
[Date "2017.01.11"]
[Round "1"]
[White "Kevlishvili, Robby"]
[Black "Libiszewski, Fabien"]
[Result "0-1"]
[WhiteTitle "IM"]
[BlackTitle "GM"]
[WhiteElo "2417"]
[BlackElo "2545"]
[WhiteTeam "Apeldoorn Apes"]
[BlackTeam "Cannes Blockbusters"]
[WhiteFideId "1040634"]
[BlackFideId "616834"]
[EventDate "2017.01.11"]

1. e4 e5 2. Nf3 Nc6 3. Bb5 Nf6 4. d3 d6 5. c3 g6 6. O-O Bd7 7. Ba4 Bg7 8. Nbd2
O-O 9. Re1 Nh5 10. Nf1 Kh8 11. Ng3 Nxg3 12. hxg3 f5 13. exf5 Bxf5 14. Nh4 Bd7
15. Be3 d5 16. Qd2 Qf6 17. Nf3 Rae8 18. Bb3 Qd6 19. a3 Bg4 20. Bd1 Nd8 21. b4
Ne6 22. Ng5 Bxd1 23. Nxe6 Qxe6 24. Raxd1 a6 25. Bh6 Bxh6 26. Qxh6 Qf5 27. Re2
Rf6 28. Qd2 c6 29. Rde1 Rfe6 30. Re3 e4 31. dxe4 Rxe4 32. Qd4+ Rxd4 33. Rxe8+
Kg7 34. cxd4 Qd3 35. R8e7+ Kh6 36. Rxb7 Qxd4 37. Rc7 Qd2 38. Rf1 Qc3 39. Rd1 Qc2
40. Re1 Qd2 41. Rce7 d4 42. Rf1 d3 43. Ree1 Qc3 44. Rc1 Qxa3 45. Rxc6 d2 46. Rd6
Qc1 47. Rd5 Kg7 48. g4 Kf6 49. g3 Ke6 50. Rd3 Ke5 51. Kg2 Ke4 52. Rd8 Ke5 53.
Kg1 Ke4 54. Rd7 Kf3 55. Rd6 Kxg4 56. Kg2 Kf5 57. Kg1 h5 58. Kg2 g5 59. Kg1 h4
60. gxh4 gxh4 61. Rd3 h3 62. Rxh3 Qxf1+ 63. Kxf1 d1=Q+ 64. Kg2 Qg4+ 65. Rg3 Qxb4
66. Rf3+ Ke5 67. Re3+ Kd4 68. Kg3 a5 69. Rf3 Ke5 70. Re3+ Kf5 71. Rf3+ Kg5 72.
Kg2 a4 73. Rg3+ Kf5 74. f3 a3 75. Rg4 Qxg4+ 76. fxg4+ Kxg4 77. Kf2 a2 78. Ke3
a1=Q 79. Kd3 Qa4 80. Kc3 Kf4 81. Kb2 Ke4 82. Kb1 Kd3 83. Kb2 Qb4+ 84. Ka2 Kc2
85. Ka1 Qa5# 0-1